000 00317nam a2200121Ia 4500
008 210430s9999 xx 000 0 und d
082 _a518 G726 N
100 _aMatheus Grasselli
_954281
245 _aNumerical Mathematics
_cMatheus Grasselli
260 _aAmerica
_bJones
_c2008
300 _a668p
942 _cBK
_2ddc
999 _c564773
_d564773